Informe final. Pasantía sobre estrategias para consolidación de políticas y programas para la promoción del desarrollo infantil y la educación inicial (Record no. 8719)
[ view plain ]
| 000 -LEADER | |
|---|---|
| campo de control de longitud fija | 00545nam a2200133Ia 4500 |
| 001 - NÚMERO DE CONTROL | |
| campo de control | 1366 |
| 008 - DATOS DE LONGITUD FIJA--INFORMACIÓN GENERAL | |
| campo de control de longitud fija | 241024s9999 xx 000 0 und d |
| 082 ## - NÚMERO DE LA CLASIFICACIÓN DECIMAL DEWEY | |
| Número de clasificación | RD/372.2/R426i |
| 100 ## - ENTRADA PRINCIPAL--NOMBRE DE PERSONA | |
| Nombre de persona | República Dominicana. Secretaría de Estado de Educacaión. Dirección General de Educación Inicial |
| 245 #0 - MENCIÓN DEL TÍTULO | |
| Título | Informe final. Pasantía sobre estrategias para consolidación de políticas y programas para la promoción del desarrollo infantil y la educación inicial |
| 260 ## - PUBLICACIÓN, DISTRIBUCIÓN, ETC. | |
| Nombre del editor, distribuidor, etc. | Bogotá, Colombia |
| Fecha de publicación, distribución, etc. | 2008 |
| 901 ## - ELEMENTOS DE DATOS A LOCAL LDA (RLIN) | |
| a | 29/3/2011 10:20:21 a.m. |
No items available.